விலங்கு அமைப்பும் தொழிலும் - 2: G.C.E.A/L /
Saved in:
| Main Author: | |
|---|---|
| Format: | Book |
| Language: | English Tamil |
| Published: |
கொழும்பு:
2020.
|
| Subjects: | |
| Tags: |
Add Tag
No Tags, Be the first to tag this record!
|
MARC
| LEADER | 00000nam a22000007a 4500 | ||
|---|---|---|---|
| 005 | 20260411113916.0 | ||
| 008 | 260411b |||||||| |||| 00| 0 eng d | ||
| 020 | |a 9789555179782 | ||
| 041 | |a tam | ||
| 082 | |a 591 |b சிவகு | ||
| 100 | |a சிவகுமாரன்,வி.எஸ் |9 116365 | ||
| 245 | |a விலங்கு அமைப்பும் தொழிலும் - 2: |b G.C.E.A/L / |c வி.எஸ்.சிவகுமாரன் | ||
| 260 | |a கொழும்பு: |c 2020. | ||
| 300 | |a iv;116பக் |b ill; |c 29.5cm | ||
| 500 | |a Purchase | ||
| 650 | |a விலங்கு அமைப்பு |9 117267 | ||
| 942 | |c REF | ||
| 999 | |c 71298 |d 71298 | ||